| 000 | 01011nam a22002417a 4500 | ||
|---|---|---|---|
| 999 |
_c6920 _d6920 |
||
| 003 | AR-CdUCM | ||
| 008 | 190319b ||||| |||| 00| 0 spa d | ||
| 040 |
_aMUNICIPALIDAD PROVINCIAL DEL CUSCO _cBIBLIOTECA MUNICIPAL DEL CUSCO |
||
| 041 | _heng | ||
| 082 |
_a709 / _bUN57 |
||
| 110 |
_aUnited Nations Eduational, Scientific and Cultural Organization _919206 |
||
| 245 | _aPinturas cingalesas en templos y santuarios / | ||
| 260 |
_aMéxico-Buenos Aires _bEditorial Hermes, _c1964. |
||
| 300 |
_a28 páginas ; _bIlustraciones en color, desplegables _c17 cm. |
||
| 440 |
_aUnesco-Hermes Bolsilibros de Arte _n11 _919498 |
||
| 505 | _aContenido : Texto de D. B. Dhanapala -- Figura femenina saliendo de una nube . Lleva en sus manos flores de sapu -- Dos figuras femeninas saliendo de las nubes -- Fresco de Peña de Sigiri... | ||
| 650 |
_aArte _9561 |
||
| 650 |
_aHistoria del arte _91647 |
||
| 650 |
_aArte cingales _919499 |
||
| 700 |
_aD.B. Dhanapala _919500 |
||
| 942 |
_2ddc _cLIBROS |
||
| 945 | _admma | ||